[Event "DVM U12 2021"]
[Site "Naumburg (Saale) GER"]
[Date "2022.03.27"]
[Round "4"]
[White "Burkart, Lloyd Shang"]
[Black "Moldovan, Tatiana"]
[Result "1/2-1/2"]
[Termination "normal"]
[Board "7.1"]
[WhiteElo "1681"]
[BlackElo "1403"]
[WhiteTeam "TuS Makkabi Ffm"]
[BlackTeam "SG Königskinder Hohentübingen e.V."]
[WhiteFideId "16239059"]
[BlackFideId "16287398"]
[EventCountry "GER"]
[EventRounds "6"]
[EventType "team-swiss"]
[EventDate "2022.03.24"]

1. d4 Nf6 2. c4 e6 3. g3 Bb4+ 4. Bd2 c5 5. Bxb4 cxb4 6. Bg2 O-O 7. Nf3 d6 8.
O-O Nc6 9. Qc2 e5 10. d5 Nb8 11. e4 Na6 12. Nbd2 Nc5 13. Ne1 Bg4 14. f3 Bd7 15.
Nd3 Nxd3 16. Qxd3 Qc8 17. Qe2 Bh3 18. Nb3 b6 19. Nc1 h6 20. b3 Nh7 21. Bxh3
Qxh3 22. Nd3 a5 23. Qg2 Qxg2+ 24. Kxg2 g5 25. Rae1 Rae8 26. Re3 f5 27. exf5
Rxf5 28. Nf2 Nf8 29. Ne4 Rd8 30. Re2 Ng6 31. a3 g4 32. fxg4 Rxf1 33. Kxf1 bxa3
34. Ra2 Nh8 35. Rxa3 Nf7 36. Ra2 Rc8 37. Ke2 Kf8 38. Kd3 Ke7 39. Rf2 Ra8 40.
Ra2 Nd8 41. Nc3 Nb7 42. Na4 Rb8 43. Kc3 Rf8 1/2-1/2

[Event "DVM U12 2021"]
[Site "Naumburg (Saale) GER"]
[Date "2022.03.27"]
[Round "4"]
[White "Moldovan, Stela"]
[Black "Shkundin, Maximilian"]
[Result "1-0"]
[Termination "normal"]
[Board "7.2"]
[WhiteElo "1209"]
[BlackElo "1375"]
[WhiteTeam "SG Königskinder Hohentübingen e.V."]
[BlackTeam "TuS Makkabi Ffm"]
[WhiteFideId "16287380"]
[BlackFideId "16287258"]
[EventCountry "GER"]
[EventRounds "6"]
[EventType "team-swiss"]
[EventDate "2022.03.24"]

1. d4 Nf6 2. Nf3 g6 3. e3 Bg7 4. Bd3 O-O 5. b3 c5 6. Bb2 cxd4 7. exd4 d6 8. O-O
Nc6 9. Nbd2 Qc7 10. Rc1 Nb4 11. a3 Nxd3 12. cxd3 Qd7 13. Ne4 b6 14. Qd2 Ba6 15.
Rfe1 Rac8 16. a4 Rxc1 17. Rxc1 Rc8 18. Re1 Nd5 19. h3 h6 20. h4 Rc7 21. Ng3 Qc8
22. Rb1 Rc2 23. Qd1 Bb7 24. h5 Nf4 25. hxg6 fxg6 26. Ne1 Rc7 27. Ne4 Qf5 28.
Qd2 Bxe4 29. dxe4 Qxe4 30. Qd1 Bxd4 31. Bxd4 Qxd4 32. Qf3 Qe5 33. Nd3 Nxd3 34.
Qxd3 Qf5 35. Qf1 Rc2 36. Re1 e5 37. Rc1 Kg7 38. Rxc2 Qxc2 39. Qb5 Qc7 40. Qd5
Kf6 41. b4 Qc1+ 42. Kh2 Qf4+ 43. Kg1 Qxb4 44. Qf3+ Qf4 45. Qc6 Qd4 46. Qd7 a5
47. Qd8+ Kf5 48. Qd7+ Kg5 49. g3 e4 50. Qe7+ Kf5 51. Qf7+ Kg5 52. Qf4+ 1-0

[Event "DVM U12 2021"]
[Site "Naumburg (Saale) GER"]
[Date "2022.03.27"]
[Round "4"]
[White "Rohatgi, Kushagra"]
[Black "Moldovan, Tudor"]
[Result "0-1"]
[Termination "normal"]
[Board "7.3"]
[WhiteElo "1339"]
[BlackElo "1219"]
[WhiteTeam "TuS Makkabi Ffm"]
[BlackTeam "SG Königskinder Hohentübingen e.V."]
[WhiteFideId "34603212"]
[BlackFideId "16288203"]
[EventCountry "GER"]
[EventRounds "6"]
[EventType "team-swiss"]
[EventDate "2022.03.24"]

1. e4 g6 2. d4 Bg7 3. Nf3 a6 4. Nc3 b5 5. a3 d6 6. Be2 Bb7 7. Be3 Nd7 8. Qd2
Ngf6 9. Bd3 c5 10. d5 c4 11. Be2 Qc7 12. Bh6 O-O 13. O-O e6 14. Bf4 e5 15. Be3
Rac8 16. h3 Ne8 17. Bg5 f5 18. Bh4 h6 19. Bg3 fxe4 20. Nxe4 Nc5 21. Nc3 Nf6 22.
Nh4 Kh7 23. Qd1 Nce4 24. Nxe4 Nxe4 25. Bg4 Rce8 26. Be6 Ng5 27. Qg4 Rf6 28. Bd7
Re7 29. Be6 Nxe6 30. dxe6 Rexe6 31. Rad1 Qc6 32. Qe2 Qb6 33. c3 Bc6 34. Rfe1
Qb7 35. Rd2 g5 36. Nf3 Bxf3 37. gxf3 Rxf3 38. Qe4+ Qxe4 39. Rxe4 Rf5 40. Re1
Bf8 41. Kg2 e4 42. Red1 Rff6 43. Rd4 Kg6 44. R4d2 e3 45. fxe3 Rxe3 46. Bxd6
Bxd6 47. Rxd6 Re2+ 48. Kg3 Rxd6 49. Rxd6+ Kh5 50. Rxa6 Rxb2 51. Rb6 Rb3 52. Kg2
Rxa3 53. Rxb5 Rxc3 54. Rc5 Kh4 55. Rc6 h5 56. Rc5 Rg3+ 57. Kf2 c3 58. Rc4+ g4
59. hxg4 hxg4 60. Rc8 Rf3+ 61. Kg2 Kg5 62. Kg1 Kf4 63. Rf8+ Ke3 64. Re8+ Kd2
65. Rd8+ Rd3 66. Ra8 Kc1 67. Kf2 c2 68. Rc8 Kd2 69. Rxc2+ Kxc2 70. Kg2 g3 71.
Kg1 Rd2 72. Kf1 g2+ 73. Kg1 Kd3 74. Kh2 Ke3 75. Kg1 Kf3 76. Kh2 Rd1 77. Kh3
g1=Q 78. Kh4 Qg4# 0-1

[Event "DVM U12 2021"]
[Site "Naumburg (Saale) GER"]
[Date "2022.03.27"]
[Round "4"]
[White "Streich, Alexander"]
[Black "Zhao, Yunsheng"]
[Result "1-0"]
[Termination "normal"]
[Board "7.4"]
[WhiteElo "1129"]
[BlackElo "1105"]
[WhiteTeam "SG Königskinder Hohentübingen e.V."]
[BlackTeam "TuS Makkabi Ffm"]
[WhiteFideId "34617027"]
[BlackFideId "16299280"]
[EventCountry "GER"]
[EventRounds "6"]
[EventType "team-swiss"]
[EventDate "2022.03.24"]

1. e4 e5 2. Nf3 Nc6 3. Bc4 Bc5 4. c3 Nf6 5. d4 exd4 6. cxd4 Bb4+ 7. Nc3 d5 8.
Bxd5 Nxd5 9. exd5 Bxc3+ 10. bxc3 Qxd5 11. O-O O-O 12. Qe2 Bg4 13. h3 Bh5 14.
Qd3 Bg6 15. Qd2 Rfe8 16. Qf4 Rac8 17. Nh4 Be4 18. f3 Bd3 19. Rd1 Bc2 20. Rf1
Ne7 21. Qg3 Ng6 22. Bb2 Nxh4 23. Qxh4 c5 24. Rf2 Bg6 25. dxc5 Qxc5 26. Qd4 b6
27. Kh1 Red8 28. Qxc5 Rxc5 29. Re1 Kf8 30. Ba3 Rdc8 31. Rfe2 f6 32. Bxc5+ Rxc5
33. Re7 Ra5 34. R1e2 Bd3 35. Re8+ Kf7 36. R2e7+ Kg6 37. Ra8 a6 38. Re6 Rxa2 39.
Rxb6 Rc2 40. Rd8 Bb5 41. Rc8 Rc1+ 42. Kh2 Rc2 43. c4 Rxc4 44. Rxc4 Bxc4 45. Rb7
Bd5 46. Rc7 Bb3 47. Ra7 Bc4 48. Kg3 h6 49. Kh4 h5 50. g4 hxg4 51. hxg4 Kh6 52.
f4 g5+ 53. Kg3 gxf4+ 54. Kxf4 Kg6 55. Ra8 Bb5 56. Rg8+ Kf7 57. Rb8 Kg6 58. Rb6
Kf7 59. Rd6 Ke7 60. Rb6 Kf7 61. Rd6 Ke7 62. Rd2 Kf7 63. Kf5 Ba4 64. Rd6 Bc2+
65. Kf4 a5 66. Rc6 Bb3 67. Kf5 a4 68. Rxf6+ Kg7 69. Rb6 Bc2+ 70. Kg5 Kf7 71.
Kh6 Kg8 72. g5 Bd3 73. g6 Bxg6 74. Kxg6 Kf8 75. Ra6 Ke7 76. Rxa4 Kd6 77. Ra5
Kc6 78. Kf6 Kb6 79. Rd5 Kc6 80. Ke6 Kb6 81. Kd6 Kb7 82. Rc5 Kb6 83. Rc1 Kb5 84.
Rc8 Kb4 85. Kd5 Kb3 86. Kd4 Kb2 87. Kd3 1-0

[Event "DVM U12 2021"]
[Site "Naumburg (Saale) GER"]
[Date "2022.03.27"]
[Round "4"]
[White "Rudolph, Konrad"]
[Black "Bock, Leonas"]
[Result "0-1"]
[Termination "normal"]
[Board "8.1"]
[WhiteElo "1321"]
[BlackElo "1341"]
[WhiteTeam "SC Leipzig-Lindenau"]
[BlackTeam "SSV Vimaria 91 Weimar"]
[WhiteFideId "34607668"]
[BlackFideId "16287118"]
[EventCountry "GER"]
[EventRounds "6"]
[EventType "team-swiss"]
[EventDate "2022.03.24"]

1. d4 d5 2. c4 e6 3. Nf3 f5 4. g3 Nf6 5. Bg2 c6 6. O-O Bd6 7. Qc2 O-O 8. Nc3 b6
9. Rb1 Ne4 10. b4 Nd7 11. a4 a5 12. b5 c5 13. cxd5 Nxc3 14. Qxc3 exd5 15. Ng5
Nf6 16. Bb2 c4 17. Ba3 Re8 18. e3 Ne4 19. Nxe4 fxe4 20. f3 exf3 21. Bxf3 Bxa3
22. Qxa3 Bf5 23. Rbc1 Bd3 24. Rfe1 Ra7 25. Qb2 Qg5 26. Qg2 Rxe3 27. Bxd5+ Kh8
28. Qh3 h6 29. Qc8+ Kh7 30. Bg8+ Kg6 31. Qc6+ Kh5 32. Qg2 Rae7 33. Qh3+ Kg6 34.
Red1 Re2 35. Qc8 Qe3+ 36. Kh1 Be4# 0-1

[Event "DVM U12 2021"]
[Site "Naumburg (Saale) GER"]
[Date "2022.03.27"]
[Round "4"]
[White "Beberhold, Otto Richard"]
[Black "Rudolph, Simon"]
[Result "1/2-1/2"]
[Termination "normal"]
[Board "8.2"]
[WhiteElo "1368"]
[BlackElo "1403"]
[WhiteTeam "SSV Vimaria 91 Weimar"]
[BlackTeam "SC Leipzig-Lindenau"]
[WhiteFideId "34617248"]
[BlackFideId "34617078"]
[EventCountry "GER"]
[EventRounds "6"]
[EventType "team-swiss"]
[EventDate "2022.03.24"]

1. d4 d5 2. Nf3 e6 3. e3 Nf6 4. Bd3 Nbd7 5. O-O Be7 6. Nbd2 O-O 7. b3 c5 8. Bb2
b6 9. Re1 Bb7 10. c4 dxc4 11. Nxc4 cxd4 12. exd4 Nd5 13. Qc2 N7f6 14. Rad1 Rc8
15. Qb1 Bb4 16. Re5 b5 17. Na3 Bxa3 18. Bxa3 Nc3 19. Qa1 Nxd1 20. Bxf8 Nxf2 21.
Bxg7 Nxd3 22. Rg5 Qd7 23. Bxf6+ Kf8 24. Bg7+ Ke7 1/2-1/2

[Event "DVM U12 2021"]
[Site "Naumburg (Saale) GER"]
[Date "2022.03.27"]
[Round "4"]
[White "Göllnitz, Aaron"]
[Black "Kalinin, Alexej"]
[Result "0-1"]
[Termination "normal"]
[Board "8.3"]
[WhiteElo "1150"]
[BlackElo "1340"]
[WhiteTeam "SC Leipzig-Lindenau"]
[BlackTeam "SSV Vimaria 91 Weimar"]
[WhiteFideId "34617183"]
[BlackFideId "34617167"]
[EventCountry "GER"]
[EventRounds "6"]
[EventType "team-swiss"]
[EventDate "2022.03.24"]

1. d4 d5 2. Nf3 e6 3. g3 f5 4. Bg2 Nf6 5. Nbd2 Bd6 6. O-O O-O 7. c4 c6 8. Qc2
b6 9. b3 Bb7 10. Bb2 Nbd7 11. a3 Rc8 12. Ng5 Qe7 13. Ngf3 Ne4 14. b4 a6 15.
Rab1 Ndf6 16. Kh1 Ng4 17. Kg1 c5 18. bxc5 bxc5 19. h3 Ngf6 20. Kh2 cxd4 21.
Bxd4 Bxa3 22. Qb3 Rb8 23. Qc2 Bd6 24. Kg1 Rfc8 25. Qb3 dxc4 26. Qc2 Bd5 27.
Rxb8 Bxb8 28. Ra1 Rc6 29. Ra4 c3 30. Nb1 Ba7 31. e3 Qb7 32. Ne5 Bb3 33. Qc1
Bxa4 34. Nxc6 Bxc6 35. Nxc3 Nxc3 36. Bxc6 Qxc6 37. Qxc3 Qxc3 38. Bxc3 Nd5 39.
Be1 Bb6 40. Kf1 a5 41. Ke2 a4 42. Kd1 Bc5 43. Kc2 Nb4+ 44. Bxb4 Bxb4 45. f3 a3
46. Kb3 Bd6 47. g4 fxg4 48. hxg4 Kf7 49. f4 g6 50. Ka2 Kf6 51. Kb3 e5 52. fxe5+
Kxe5 53. g5 Ke4 54. Ka2 Kxe3 55. Kb3 Kf4 56. Ka2 Kxg5 57. Kb3 h5 58. Ka2 h4 59.
Kb3 h3 60. Ka2 h2 61. Kb3 h1=Q 62. Ka2 Qd5+ 63. Ka1 Be5+ 64. Kb1 a2+ 65. Kc2
a1=N+ 66. Kc1 Nb3+ 67. Kb1 Qd1+ 68. Ka2 Nc1+ 69. Kb1 Nd3+ 70. Ka2 Qd2+ 71. Ka3
Qb4+ 72. Ka2 Qb2# 0-1

[Event "DVM U12 2021"]
[Site "Naumburg (Saale) GER"]
[Date "2022.03.27"]
[Round "4"]
[White "Roth, Andreas Christian"]
[Black "Richter, Peter"]
[Result "1-0"]
[Termination "normal"]
[Board "8.4"]
[WhiteElo "1254"]
[BlackElo "975"]
[WhiteTeam "SSV Vimaria 91 Weimar"]
[BlackTeam "SC Leipzig-Lindenau"]
[WhiteFideId "34617086"]
[BlackFideId "34617094"]
[EventCountry "GER"]
[EventRounds "6"]
[EventType "team-swiss"]
[EventDate "2022.03.24"]

1. d4 d5 2. Nf3 Nc6 3. e3 Nf6 4. Bd3 Bg4 5. Be2 e6 6. O-O Bd6 7. b3 O-O 8. Bb2
Bf5 9. a3 h6 10. Nbd2 Bh7 11. Ne5 Rb8 12. f4 Qe7 13. b4 Rbc8 14. Rc1 Qe8 15. c4
a6 16. c5 Be7 17. Bd3 Bxd3 18. Nxd3 Qd7 19. Ne5 Nxe5 20. dxe5 Ne8 21. Rf3 c6
22. Rg3 f6 23. Qh5 Rf7 24. Qxh6 Bf8 25. Qh4 Qe7 26. Rh3 g5 27. Qh8# 1-0

[Event "DVM U12 2021"]
[Site "Naumburg (Saale) GER"]
[Date "2022.03.27"]
[Round "5"]
[White "Koberstein, Simon"]
[Black "Burkart, Lloyd Shang"]
[Result "1/2-1/2"]
[Termination "normal"]
[Board "7.1"]
[WhiteElo "1462"]
[BlackElo "1681"]
[WhiteTeam "SC Postbauer-Heng e.V."]
[BlackTeam "TuS Makkabi Ffm"]
[WhiteFideId "16299302"]
[BlackFideId "16239059"]
[EventCountry "GER"]
[EventRounds "6"]
[EventType "team-swiss"]
[EventDate "2022.03.24"]

1. e4 c5 2. Nc3 e6 3. f4 d5 4. Bb5+ Bd7 5. Bxd7+ Qxd7 6. exd5 exd5 7. d4 Nf6 8.
Nf3 Be7 9. Ne5 Qd8 10. O-O O-O 11. Be3 cxd4 12. Bxd4 Nc6 13. Kh1 Re8 14. a3 Bd6
15. Re1 Nxd4 16. Qxd4 a6 17. Rad1 Rc8 18. h3 Bc5 19. Qd3 d4 20. Ne2 Qb6 21. b4
Bf8 22. Nxd4 Red8 23. c4 Nd7 24. c5 Qc7 25. Qf5 Nxe5 26. fxe5 g6 27. Qe4 Bg7
28. e6 Rxd4 29. Rxd4 Bxd4 30. Qxd4 fxe6 31. Rxe6 Rd8 32. Rd6 Rxd6 33. cxd6 Qd7
34. Qf6 1/2-1/2

[Event "DVM U12 2021"]
[Site "Naumburg (Saale) GER"]
[Date "2022.03.27"]
[Round "5"]
[White "Shkundin, Maximilian"]
[Black "Cwiklik, Jonah"]
[Result "1-0"]
[Termination "normal"]
[Board "7.2"]
[WhiteElo "1375"]
[BlackElo "1409"]
[WhiteTeam "TuS Makkabi Ffm"]
[BlackTeam "SC Postbauer-Heng e.V."]
[WhiteFideId "16287258"]
[BlackFideId "34607692"]
[EventCountry "GER"]
[EventRounds "6"]
[EventType "team-swiss"]
[EventDate "2022.03.24"]

1. e4 e5 2. Nf3 Nc6 3. Bb5 a6 4. Ba4 Nf6 5. O-O b5 6. Bb3 Be7 7. a4 b4 8. Re1
O-O 9. c3 d6 10. d4 Bg4 11. d5 Na5 12. cxb4 Bxf3 13. Qxf3 Nxb3 14. Qxb3 Rb8 15.
Nd2 Nd7 16. Nc4 Nc5 17. Qc3 Nb7 18. Bd2 Bg5 19. Bxg5 Qxg5 20. Ne3 Rbc8 21. Qc6
Nd8 22. Qxa6 Rb8 23. Qc4 f6 24. Nf5 Qd2 25. Qc3 Qg5 26. Re3 g6 27. Rg3 Qh5 28.
Qxc7 Rb7 29. Qxd6 Qe2 30. Ne7+ Kf7 31. Nc6 Nxc6 32. dxc6 Re7 33. Qd3 Qxb2 34.
Qb3+ Qxb3 35. Rxb3 Rc7 36. Rc1 Ke6 37. b5 Kd6 38. Rd3+ Ke6 39. g4 Ra7 40. c7
Rc8 41. b6 Rb7 42. a5 f5 43. Rd8 Rbxc7 44. bxc7 Rxc7 45. Rxc7 f4 46. a6 f3 47.
a7 g5 48. a8=Q h5 49. Qc6# 1-0

[Event "DVM U12 2021"]
[Site "Naumburg (Saale) GER"]
[Date "2022.03.27"]
[Round "5"]
[White "Uhl, Henry"]
[Black "Rohatgi, Kushagra"]
[Result "0-1"]
[Termination "normal"]
[Board "7.3"]
[WhiteElo "1301"]
[BlackElo "1339"]
[WhiteTeam "SC Postbauer-Heng e.V."]
[BlackTeam "TuS Makkabi Ffm"]
[WhiteFideId "34616047"]
[BlackFideId "34603212"]
[EventCountry "GER"]
[EventRounds "6"]
[EventType "team-swiss"]
[EventDate "2022.03.24"]

1. e4 c6 2. Nf3 d5 3. exd5 cxd5 4. Ne5 Nf6 5. d4 a6 6. Bd3 e6 7. O-O Bd7 8. Bg5
Be7 9. c3 O-O 10. Qc2 h6 11. Bf4 Nc6 12. Nxd7 Qxd7 13. Re1 Bd6 14. Be5 Bxe5 15.
dxe5 Ng4 16. f4 Qd8 17. h3 Qb6+ 18. Kh1 Nf2+ 19. Kh2 Nxd3 20. Qxd3 Qxb2 21. Nd2
Qb6 22. f5 exf5 23. Qxf5 Qc7 24. Kh1 Rae8 25. Nf3 Re6 26. Nd4 Rxe5 27. Qg4 Nxd4
28. cxd4 Rxe1+ 29. Rxe1 Qc8 30. Qxc8 Rxc8 31. Re7 b5 32. Rd7 Rc2 33. Rxd5 Rxa2
34. Rd8+ Kh7 35. d5 Kg6 36. d6 Kf6 37. d7 Ke7 38. Ra8 Kxd7 39. Kg1 b4 40. Kf1
a5 41. Ke1 b3 42. Rb8 a4 0-1

[Event "DVM U12 2021"]
[Site "Naumburg (Saale) GER"]
[Date "2022.03.27"]
[Round "5"]
[White "Zhao, Yunsheng"]
[Black "Cwiklik, Julian"]
[Result "0-1"]
[Termination "normal"]
[Board "7.4"]
[WhiteElo "1105"]
[BlackElo "1255"]
[WhiteTeam "TuS Makkabi Ffm"]
[BlackTeam "SC Postbauer-Heng e.V."]
[WhiteFideId "16299280"]
[BlackFideId "34607684"]
[EventCountry "GER"]
[EventRounds "6"]
[EventType "team-swiss"]
[EventDate "2022.03.24"]

1. e4 e5 2. Nf3 Nc6 3. Bc4 Bc5 4. c3 Nf6 5. d4 exd4 6. e5 d5 7. Bb5 Ne4 8. cxd4
Bb4+ 9. Bd2 Bxd2+ 10. Nbxd2 O-O 11. O-O Ne7 12. Bd3 Bf5 13. Qe2 Nxd2 14. Qxd2
Bxd3 15. Qxd3 c6 16. Rfe1 Ng6 17. Qe3 Re8 18. Qb3 Qb6 19. Qxb6 axb6 20. a3 Nf8
21. Rac1 Rac8 22. Red1 Ne6 23. g3 Red8 24. Rd2 Rc7 25. b4 c5 26. bxc5 bxc5 27.
dxc5 Nxc5 28. Rcd1 Rcd7 29. Nd4 Ne6 30. Nb5 Ng5 31. Kg2 f6 32. f4 Ne4 33. Rd3
fxe5 34. fxe5 Kf7 35. Kf3 h6 36. Kf4 Nf2 37. Nd6+ Ke6 38. Rxd5 g5+ 39. Ke3
Nxd1+ 40. Rxd1 Ra8 41. Rd3 Ra5 42. Nc4 Rxd3+ 43. Kxd3 Ra8 44. Kd4 b5 45. Nd6
Rxa3 46. Nxb5 Ra4+ 47. Ke3 Kxe5 48. Kf3 Ra5 49. Nc7 h5 50. Ne8 g4+ 51. Ke3 Ra3+
52. Kf2 Kd4 53. Nf6 Rf3+ 54. Ke2 Rxf6 55. Kd2 Rf2+ 56. Ke1 Rxh2 57. Kf1 Ke3 58.
Kg1 Rf2 59. Kh1 Kf3 60. Kg1 Kxg3 0-1

[Event "DVM U12 2021"]
[Site "Naumburg (Saale) GER"]
[Date "2022.03.27"]
[Round "5"]
[White "Burlutskaia, Maria"]
[Black "Cheng, Noah"]
[Result "1-0"]
[Termination "normal"]
[Board "8.1"]
[WhiteElo "1420"]
[BlackElo "1229"]
[WhiteTeam "Tischtennisclub Grün-Weiß Fritzdorf 1958 e. V."]
[BlackTeam "Schachverein Erftstadt e. V."]
[WhiteFideId "34607137"]
[BlackFideId "16294637"]
[EventCountry "GER"]
[EventRounds "6"]
[EventType "team-swiss"]
[EventDate "2022.03.24"]

1. e4 e6 2. d4 d5 3. Nc3 Bb4 4. Bd2 Bxc3 5. Bxc3 dxe4 6. Qg4 Nf6 7. Qxg7 Rg8 8.
Qh6 Rg6 9. Qh4 Qd5 10. Ne2 Qg5 11. Qxg5 Rxg5 12. O-O-O Nc6 13. Ng3 Bd7 14. Be2
O-O-O 15. Rhe1 Nd5 16. Bd2 Rgg8 17. c4 Nf6 18. Bc3 Ne8 19. Bf1 f5 20. f3 exf3
21. gxf3 Rg6 22. Bd3 Nb8 23. d5 Nd6 24. c5 Nf7 25. dxe6 Rxe6 26. Rxe6 Bxe6 27.
Bxf5 Rxd1+ 28. Kxd1 Bxf5 29. Nxf5 Ng5 30. Ke2 Ne6 31. b4 Nf4+ 32. Ke3 Nd5+ 33.
Kd4 c6 34. Nd6+ Kc7 35. a3 Na6 36. Bd2 b6 37. Ne4 Kd7 38. Ke5 Nac7 39. f4 Ne6
40. Nf6+ Nxf6 41. Kxf6 bxc5 42. f5 Nc7 43. bxc5 Nb5 44. Bc1 Nd4 45. h4 Ne2 46.
Bg5 Ng3 47. Ke5 Ne2 48. f6 Ke8 49. Kd6 Nd4 50. a4 Kf7 51. Kc7 h6 52. Bxh6 Kxf6
53. Kb7 Ke5 54. Kxa7 Kd5 55. Kb6 Ne6 56. Be3 Nf8 57. a5 Nd7+ 58. Kc7 1-0

[Event "DVM U12 2021"]
[Site "Naumburg (Saale) GER"]
[Date "2022.03.27"]
[Round "5"]
[White "Cordier, Jakob"]
[Black "Roos Nazario, Valentin"]
[Result "1/2-1/2"]
[Termination "normal"]
[Board "8.2"]
[WhiteElo "1335"]
[BlackElo "1140"]
[WhiteTeam "Schachverein Erftstadt e. V."]
[BlackTeam "Tischtennisclub Grün-Weiß Fritzdorf 1958 e. V."]
[WhiteFideId "34617221"]
[BlackFideId "16295722"]
[EventCountry "GER"]
[EventRounds "6"]
[EventType "team-swiss"]
[EventDate "2022.03.24"]

1. d4 d5 2. c4 e6 3. Nc3 Nf6 4. Nf3 Be7 5. Bg5 O-O 6. e3 Nbd7 7. cxd5 exd5 8.
Bd3 c6 9. O-O h6 10. Bf4 Nh5 11. Ne2 Nxf4 12. Nxf4 Bd6 13. Ne2 Nf6 14. Nd2 Re8
15. Qc2 Qc7 16. Ng3 Bxg3 17. hxg3 Qe7 18. Bf5 Ne4 19. Bxc8 Raxc8 20. Nxe4 Qxe4
21. Qxe4 Rxe4 22. a4 a5 23. b3 c5 24. Rfc1 b6 25. Rc3 Re7 26. Rac1 Rec7 27.
dxc5 bxc5 28. Kf1 Kf8 29. Ke2 Ke7 30. Kd3 Kd6 31. Rd1 c4+ 32. bxc4 Rxc4 33.
Rdc1 Rxc3+ 34. Rxc3 Rxc3+ 35. Kxc3 Kc6 36. g4 g6 37. g3 f6 38. f3 f5 39. gxf5
gxf5 40. g4 fxg4 41. fxg4 Kd7 42. Kd4 Kd6 43. Kd3 Ke5 44. Ke2 Ke4 45. Kf2 Kd3
46. Kf3 d4 47. exd4 Kxd4 48. Kf4 Kd3 49. Kg3 Ke3 50. Kh4 Kf4 51. Kh5 Kf3 52. g5
hxg5 53. Kxg5 Ke4 54. Kg4 Ke3 55. Kg3 Ke2 56. Kf4 Kd3 57. Ke5 Kc3 58. Kd5
1/2-1/2

[Event "DVM U12 2021"]
[Site "Naumburg (Saale) GER"]
[Date "2022.03.27"]
[Round "5"]
[White "Mombauer, Felix"]
[Black "Schmitz, Constantin"]
[Result "0-1"]
[Termination "normal"]
[Board "8.3"]
[WhiteElo "1240"]
[BlackElo "1290"]
[WhiteTeam "Tischtennisclub Grün-Weiß Fritzdorf 1958 e. V."]
[BlackTeam "Schachverein Erftstadt e. V."]
[WhiteFideId "34608249"]
[BlackFideId "16274660"]
[EventCountry "GER"]
[EventRounds "6"]
[EventType "team-swiss"]
[EventDate "2022.03.24"]

1. d4 d5 2. c4 c6 3. cxd5 cxd5 4. Nc3 Nc6 5. Bf4 Bf5 6. e3 Nf6 7. Bb5 e6 8.
Nge2 Bb4 9. Qa4 Bxc3+ 10. Nxc3 Qd7 11. Rc1 Rc8 12. Bxc6 bxc6 13. Be5 Nh5 14.
Qd1 Bg6 15. Qe2 f6 16. Bf4 Nxf4 17. exf4 O-O 18. Na4 Qb7 19. O-O Rfe8 20. Qd2
Qa6 21. b3 Kh8 22. Nc5 Qb5 23. a4 Qb8 24. Rfe1 e5 25. fxe5 fxe5 26. dxe5 Rxe5
27. Rxe5 Qxe5 28. f4 Qf5 29. Re1 Re8 30. Rxe8+ Bxe8 31. Qe1 Bf7 32. Qe3 h6 33.
Nd3 Bg6 34. Ne5 Qb1+ 35. Kf2 Qc2+ 36. Kf3 Be4+ 37. Kg4 Qxg2+ 38. Qg3 Qe2+ 39.
Kh4 Bf5 40. Nf7+ Kh7 41. Nd6 Qe7+ 0-1

[Event "DVM U12 2021"]
[Site "Naumburg (Saale) GER"]
[Date "2022.03.27"]
[Round "5"]
[White "Sander, Manuel"]
[Black "Mende, Magnus"]
[Result "1-0"]
[Termination "normal"]
[Board "8.4"]
[WhiteElo "926"]
[BlackElo "737"]
[WhiteTeam "Schachverein Erftstadt e. V."]
[BlackTeam "Tischtennisclub Grün-Weiß Fritzdorf 1958 e. V."]
[WhiteFideId "34617060"]
[BlackFideId "34617124"]
[EventCountry "GER"]
[EventRounds "6"]
[EventType "team-swiss"]
[EventDate "2022.03.24"]

1. e4 e5 2. Nf3 Nc6 3. d4 f6 4. d5 Nce7 5. Nc3 d6 6. Bc4 Bg4 7. Be3 c5 8. Bb5+
Bd7 9. Qd3 a6 10. Bxd7+ Qxd7 11. O-O-O g6 12. h3 Bh6 13. Bxh6 Nxh6 14. Qe3 Nf7
15. g4 f5 16. g5 f4 17. Qd3 b5 18. b3 b4 19. Na4 a5 20. Nb6 Qb7 21. Nxa8 Qxa8
22. Qb5+ Kf8 23. h4 h6 24. gxh6 Rxh6 25. Ng5 Qe8 26. Ne6+ Kg8 27. Qxe8+ Kh7 28.
Qxf7+ Kh8 29. Qg7# 1-0

[Event "DVM U12 2021"]
[Site "Naumburg (Saale) GER"]
[Date "2022.03.27"]
[Round "5"]
[White "Rudolph, Konrad"]
[Black "Weber, Nikita"]
[Result "1/2-1/2"]
[Termination "normal"]
[Board "9.1"]
[WhiteElo "1321"]
[BlackElo "1243"]
[WhiteTeam "SC Leipzig-Lindenau"]
[BlackTeam "Vorwärts Orient Mainz"]
[WhiteFideId "34607668"]
[BlackFideId "34608770"]
[EventCountry "GER"]
[EventRounds "6"]
[EventType "team-swiss"]
[EventDate "2022.03.24"]

1. d4 d5 2. c4 c6 3. Nf3 Nf6 4. g3 Bf5 5. Qb3 Qb6 6. c5 Qxb3 7. axb3 Nbd7 8.
Bg2 g6 9. Nc3 Bg7 10. O-O O-O 11. Bf4 Ne4 12. b4 a6 13. Rfd1 Rfe8 14. Nh4 Nxc3
15. bxc3 Bc2 16. Rd2 Bb3 17. Nf3 f6 18. Rb2 Bc4 19. Bf1 e5 20. Be3 h6 21. Bd2
exd4 22. Nxd4 f5 23. e3 Bxf1 24. Kxf1 Ne5 25. Ke2 Nc4 26. Rb3 Bxd4 27. cxd4
Rad8 28. h4 h5 29. Kd3 1/2-1/2

[Event "DVM U12 2021"]
[Site "Naumburg (Saale) GER"]
[Date "2022.03.27"]
[Round "5"]
[White "Mohammadzadeh, Daris"]
[Black "Rudolph, Simon"]
[Result "1-0"]
[Termination "normal"]
[Board "9.2"]
[WhiteElo "1335"]
[BlackElo "1403"]
[WhiteTeam "Vorwärts Orient Mainz"]
[BlackTeam "SC Leipzig-Lindenau"]
[WhiteFideId "34604359"]
[BlackFideId "34617078"]
[EventCountry "GER"]
[EventRounds "6"]
[EventType "team-swiss"]
[EventDate "2022.03.24"]

1. e4 Nf6 2. e5 Nd5 3. c4 Nb6 4. d4 d6 5. exd6 cxd6 6. Nc3 Nc6 7. Be3 Nd7 8.
Bd3 e6 9. Nf3 Be7 10. O-O O-O 11. Re1 Nf6 12. Rc1 b6 13. Ng5 Bb7 14. Nge4 d5
15. Nxf6+ Bxf6 16. cxd5 exd5 17. a3 Rc8 18. Qh5 g6 19. Qxd5 Qxd5 20. Nxd5 Rcd8
21. Nxf6+ Kg7 22. Be4 Nxd4 23. Nh5+ gxh5 24. Bxb7 Nb3 25. Rc3 Nd4 26. Bxd4+
Rxd4 27. Rc2 Rb8 28. Bf3 Rd3 29. Bxh5 Rg8 30. Kf1 Rd5 31. Bf3 Rd7 32. Re4 f5
33. Rec4 Rf8 34. Rc7 Rfd8 35. Rb7 Kf8 36. Rcc7 Rd2 37. Rf7+ Kg8 38. Rxf5 Rxb2
39. Bd5+ Kh8 40. Rh5 Rb1+ 41. Ke2 Re8+ 42. Kd2 Rb2+ 43. Kd3 1-0

[Event "DVM U12 2021"]
[Site "Naumburg (Saale) GER"]
[Date "2022.03.27"]
[Round "5"]
[White "Göllnitz, Aaron"]
[Black "Wolf, Noah"]
[Result "1-0"]
[Termination "normal"]
[Board "9.3"]
[WhiteElo "1150"]
[BlackElo "1125"]
[WhiteTeam "SC Leipzig-Lindenau"]
[BlackTeam "Vorwärts Orient Mainz"]
[WhiteFideId "34617183"]
[BlackFideId "34616985"]
[EventCountry "GER"]
[EventRounds "6"]
[EventType "team-swiss"]
[EventDate "2022.03.24"]

1. d4 d5 2. Nf3 Nf6 3. g3 e6 4. Bg2 Be7 5. O-O O-O 6. b3 c5 7. c4 b6 8. Bb2 Bb7
9. Qc2 Nbd7 10. Nbd2 Rc8 11. Rac1 cxd4 12. Bxd4 Ba3 13. Bb2 Bxb2 14. Qxb2 Rc7
15. Ne5 Nxe5 16. Qxe5 dxc4 17. Nxc4 Bxg2 18. Kxg2 Qa8+ 19. Kg1 Rc5 20. Qe3 Rh5
21. Ne5 Rd8 22. Rfd1 Rd5 23. Rxd5 Nxd5 24. Qe4 f6 25. Nf3 Qe8 26. e3 f5 27. Qc4
Kf7 28. Qd4 Qa8 29. Ne5+ Ke7 30. Nc6+ Kf7 31. Nb4 Nxb4 32. Rc7+ Kf8 1-0